|
|
|
|
| LEADER |
00000nab a2200000 a 4500 |
| 001 |
vtls008941550 |
| 003 |
SK-MaSNL |
| 005 |
20260305020510.0 |
| 008 |
140515c2007 xo wr|p|||||||000 b|slo |
| 015 |
|
|
|a SNBRB2007/01
|2 snkbucl
|
| 040 |
|
|
|a SNKBUCL
|b slo
|c SNKBUCL
|e AACR2
|
| 041 |
0 |
|
|a slo
|
| 044 |
|
|
|a xo
|c SK
|
| 080 |
|
|
|a 327
|x (73:567)
|2 2001
|
| 080 |
|
|
|a 355.43
|x (73)
|2 2001
|
| 080 |
|
|
|a 355.48
|x (567)
|2 2001
|
| 100 |
1 |
|
|a Šebej, František,
|d 1947-
|4 aut
|9 103179
|
| 245 |
1 |
0 |
|a Osud Bushovej stratégie
|c František Šebej
|
| 300 |
|
|
|b Fotogr.
|
| 610 |
1 |
7 |
|a Spojené štáty americké.
|b Prezident (2001-2009 : Bush)
|2 snkbucl
|9 194317
|
| 650 |
0 |
7 |
|a zahraničná politika
|2 snkbucl
|9 971
|
| 650 |
0 |
7 |
|a iracká vojna, 2003-2010
|2 snkbucl
|9 200975
|
| 651 |
|
7 |
|a Spojené štáty americké
|2 snkbucl
|9 18262
|
| 773 |
0 |
|
|t Týždeň
|g Roč. III [IV], č. 4 (2007), s. 44-47
|x 1336-5932
|
| 852 |
|
|
|a SNK
|b KIS3GCP
|
| 958 |
|
|
|a US
|
| 958 |
|
|
|a IQ
|
| 999 |
|
|
|c 3281021
|d 3282951
|